Statistiques concernant 10 plus gros pay-per-view de l'histoire de l'ufc

Cliquez ici pour prendre le quiz!

Statistiques générales

  • Ce quiz a été pris 80 fois
  • Le résultat moyen est 4 sur 10

Statistiques - réponses

ClassementRéponses% Correct
1UFC 229: Nurmagomedov-McGregor
99%
6UFC 196: McGregor-Diaz
61%
10UFC 194: Aldo-McGregor
54%
8UFC 205: Alvarez-McGregor
40%
2UFC 202: Diaz-McGregor 2
30%
5UFC 246: McGregor-Cerrone
27%
9UFC 100: Lesnar-Mir 2
22%
3UFC 257: Poirier-Mcgregor 2
22%
4UFC 264: Poirier-McGregor 3
22%
7UFC 251: Usman-Masvidal
21%

Distribution des résultats

Percentile par nombre de réponses

% des personnes avec chaque résultat

Votre développement - résultats

Vous n’avez pas pris ce quiz